000 00322nam a22001217a 4500
008 190314b xxu||||| |||| 00| 0 eng d
041 _aeng
080 _a043.3
100 _a0
101 _aARK-BA
245 _aProjektimi i Objektit Individual dhe Aplikimi i Masave per Kursim te Energjise
_cBerisha, J
942 _2udc
_cBK
999 _c54800
_d54800